Decàleg de bones pràctiques en l'ús de pantalles /
Descripción Física:
1 díptic ; il. col. ; 21 cm.
Materias:
Adolescents -- Xarxes socials -- Aspectes psicològics
; Adolescents i Internet -- Aspectes psicològics
; Adolescents -- Assistència institucional -- Barcelona (Catalunya : Província)
; Fulletons
Idioma:
Catalán
MARC
| LEADER | 00000nam a22000007a 4500 | ||
|---|---|---|---|
| 001 | 28843 | ||
| 003 | AGDB | ||
| 005 | 20260324181531.0 | ||
| 008 | 230509b spa||||| |||| 00| 0 cat d | ||
| 017 | |a B 9436-2024 | ||
| 040 | |a agdb |b cat | ||
| 110 | 1 | |9 52862 |a Barcelona (Catalunya : Província). |b Centre de Prevenció i Intervenció en Drogodependències SPOTT | |
| 245 | |a Decàleg de bones pràctiques en l'ús de pantalles / |c Centre SPOTT | ||
| 260 | |a Barcelona : |b Diputació de Barcelona ; |c 2024 | ||
| 300 | |a 1 díptic ; |b il. col. ; |c 21 cm. | ||
| 650 | 0 | |9 56139 |a Adolescents |x Xarxes socials |x Aspectes psicològics | |
| 650 | 0 | |9 56140 |a Adolescents i Internet |x Aspectes psicològics | |
| 650 | 0 | |9 31486 |a Adolescents |x Assistència institucional |x Barcelona (Catalunya : Província) | |
| 655 | 0 | |a Fulletons |9 55858 | |
| 710 | |a Barcelona (Catalunya : Província). |b Àrea de Sostenibilitat Social, Cicle de Vida i Comunitat |9 70555 | ||
| 942 | |2 udc |c ARXIU |n 1 | ||
| 952 | |0 0 |1 0 |4 0 |6 FU7862 |7 1 |9 98054 |a Arxiu |b Arxiu |d 2025-05-12 |l 0 |o FU-78-62 |p 28843 |r 2025-05-12 00:00:00 |w 2025-05-12 |y ARXIU | ||
| 999 | |c 129840 |d 129840 | ||